01069nam a22002417a 450000500170000000800430001702000150006005000250007510000170010024000390011724501620015625000110031826000560032930000210038544000620040650000660046850400380053460000600057265000690063265000610070170000330076270000320079520231109120719.0231109b ag |||||||| |||| 00| 0 spa d a950557636604aJC153.H66 bS77 20061 aStrauss, Leo aThe political philosophy of Hobbes13aLa filosofía política de Hobbes b: su fundamento y su génesisc/ Leo Strauss ; traducción de Silvana Carozzi con la colaboración de Martín Arias a1a ed. aBuenos Aires :bFondo de Cultura Económica,c2006 a231 p. ;c21 cm. aSección Obras de Filosofía / Colección: Filosofía a# 655 Donacion: Dr. Rafael Mendoza 6/JUL./2021 (BFF000040612) aIncluye bibliografía e índice14aHobbes, Thomasd1588-1679xCrítica e interpretación 72lembaCiencias políticasxHistoriaySiglo XVIIzGran Bretaña 72lembaFilosofía políticaySiglo XVIIzGran Bretaña1 aCarozzi, Silvanaetraductor 1 aArias, Martínetraductor